000 00553nam a2200181 4500
001 121218
003 ES-MaACL
005 20250929063157.0
007 t|
008 070214s1928 fr r ||||1| fre d
100 1 _aPrévost, Marcel,
_d1862-1941
_993819
245 1 3 _aLa nuit finira
_b: roman /
_cMarcel Prevost ; bois originaux de Clement Serveau.
260 _aParis :
_b[s. n.],
_c1928 (
_fImp. Moderna)
300 _a2 v. ;
_c21 cm.
700 1 _aServeau, Clément.
_9105859
852 _aES-MaACL
_jA-4011-12
999 _c121218
_d121218